000 00350nam a22001337a 4500
020 _a978812038524
082 _222
_a624.25
100 _aJagadeesh, T. R and Jayaram M. A.
245 _aDesign of bridge structures /
250 _a2 nd.
260 _aNew Delhi,
_bPrentice Hall,
_cc2010.
300 _axiv,342 p. ;
_bill. ;
_c24 cm.
942 _2ddc
_cCIVIL
999 _c3563
_d3563